Green plants : (Record no. 419)

MARC details
000 -LEADER
fixed length control field 01048nam a22002897a 4500
001 - CONTROL NUMBER
control field 1070036
005 - DATE AND TIME OF LATEST TRANSACTION
control field 20230612153813.0
008 - FIXED-LENGTH DATA ELEMENTS--GENERAL INFORMATION
fixed length control field 230612b |||||||| |||| 00| 0 eng d
010 ## - LIBRARY OF CONGRESS CONTROL NUMBER
LC control number 91018615
020 ## - INTERNATIONAL STANDARD BOOK NUMBER
International Standard Book Number 0931146208
040 ## - CATALOGING SOURCE
Original cataloging agency DLC
Transcribing agency KMU
Modifying agency KMU
Description conventions rda
050 00 - LIBRARY OF CONGRESS CALL NUMBER
Classification number QK45.2
Item number .B46
100 1# - MAIN ENTRY--PERSONAL NAME
Personal name Bell, Peter Robert.
245 10 - TITLE STATEMENT
Title Green plants :
Remainder of title their origin and diversity /
Statement of responsibility, etc. Peter R. Bell.
260 ## - PUBLICATION, DISTRIBUTION, ETC.
Place of publication, distribution, etc. Portland, Or. :
Name of publisher, distributor, etc. Dioscorides Press,
Date of publication, distribution, etc. c1992.
300 ## - PHYSICAL DESCRIPTION
Extent 315 p. :
Other physical details ill. ;
Dimensions 27 cm.
500 ## - GENERAL NOTE
General note Rev. ed. of: The diversity of green plants. 3rd ed. 1983.
504 ## - BIBLIOGRAPHY, ETC. NOTE
Bibliography, etc. note Includes bibliographical references (p. 299-302) and index.
650 #0 - SUBJECT ADDED ENTRY--TOPICAL TERM
Topical term or geographic name entry element Botany.
650 #0 - SUBJECT ADDED ENTRY--TOPICAL TERM
Topical term or geographic name entry element Plants
General subdivision Classification.
650 #0 - SUBJECT ADDED ENTRY--TOPICAL TERM
Topical term or geographic name entry element Plants
General subdivision Evolution.
650 #0 - SUBJECT ADDED ENTRY--TOPICAL TERM
Topical term or geographic name entry element Plants
General subdivision Variation.
700 1# - ADDED ENTRY--PERSONAL NAME
Personal name Bell, Peter Robert.
Title of a work Diversity of green plants.
906 ## - LOCAL DATA ELEMENT F, LDF (RLIN)
a 7
b cbc
c orignew
d 1
e ocip
f 19
g y-gencatlg
942 ## - ADDED ENTRY ELEMENTS (KOHA)
Source of classification or shelving scheme Library of Congress Classification
Koha item type Non-Fiction
Suppress in OPAC No
Holdings
Withdrawn status Lost status Source of classification or shelving scheme Damaged status Not for loan Collection Home library Current library Shelving location Date acquired Source of acquisition Total Checkouts Full call number Barcode Date last seen Price effective from Koha item type
    Library of Congress Classification     Non-fiction Kapasa Makasa University Kapasa Makasa University Open Access 12.06.2023 Book Aid International   QK 45.2 Bel 733476 12.06.2023 12.06.2023 Non-Fiction